Serie A 18-19 Teams - Statistics

General Stats
  • This quiz has been taken 4 times
  • The average score is 18 of 20
Answer Stats
Standing Answer % Correct
#5 AC Milan
100%
#3 Atalanta
100%
#10 Bologna
100%
#15 Cagliari
100%
#16 Fiorentina
100%
#4 Inter Milan
100%
#1 Juventus
100%
#8 Lazio
100%
#2 Napoli
100%
#14 Parma Calcio
100%
#9 Sampdoria
100%
#7 Torino
100%
#12 Udinese
100%
#6 AS Roma
75%
#20 Chievo
75%
#19 Frosinone
75%
#17 Genoa
75%
#11 Sassuolo
75%
#18 Empoli
50%
#13 SPAL
50%
No matching quizzes found
Score Distribution
Percent of People with Each Score
Percentile by Number Answered
Your Score History
You have not taken this quiz